| 000 | 00423nam a22001697a 4500 | ||
|---|---|---|---|
| 005 | 20250205181941.0 | ||
| 008 | 250205b |||||||| |||| 00| 0 eng d | ||
| 020 | _a9780852975558 | ||
| 050 |
_aHG8075 _bHOL |
||
| 100 | _aHoloake, Julia | ||
| 245 | _aInsurance | ||
| 250 | _a4th | ||
| 260 |
_aLondon _bThe Chartered Institute of Bankers _cc1999 |
||
| 300 | _axiii,343p | ||
| 700 | _aWeipers, William | ||
| 942 |
_2lcc _cBK _n0 |
||
| 999 |
_c3473 _d3473 |
||